| 000 | 00703nam a2200229Ia 4500 | ||
|---|---|---|---|
| 003 | OSt | ||
| 005 | 20220923223547.0 | ||
| 006 | a|||||r|||| 00| 0 | ||
| 007 | ta | ||
| 008 | Pun | ||
| 024 | _a218,858 | ||
| 037 | _cTextual | ||
| 040 |
_aARTS _cARTS _bPun |
||
| 041 |
_2Pun _aPun |
||
| 082 | _aO168,3N12,2, 153N9 | ||
| 100 | _aਕੁਲਜੀਤ ਸਿੰਘ | ||
| 245 | 0 |
_aਮੰਟੋ ਦੀਆ ਕਹਾਣੀਆਂ _b ਉਤੇ ਥਲੇ ਤੇ ਵਿਚਾਲੇ |
|
| 260 |
_aਦਿੱਲੀ _b ਮਨਪ੍ਰੀਤ ਪ੍ਰਕਾFਨ _c1999 |
||
| 300 |
_a96ਪੰ _ccm. |
||
| 942 |
_hO168,3N12,2, 153N9 _cTEXL _2CC |
||
| 999 |
_c366192 _d366192 |
||